000 00351nam a22001217a 4500
082 _a332.095957021 SBP
100 _aState Bank of Pakistan
245 _aResearch Bulletin 2005
_cState Bank of Pakistan
260 _aKarachi
_bState Bank of Pakistan
_c2005
300 _a84p
942 _2ddc
_cBK
999 _c586088
_d586088